عرض عادي
عرض مارك
- رؤساء الدول
دخول Topical Term
001 - CONTROL NUMBER
- control field: 28877
003 - CONTROL NUMBER IDENTIFIER
- control field: AE-AdECS
005 - DATE AND TIME OF LATEST TRANSACTION
- control field: 20260421153019.0
008 - FIXED-LENGTH DATA ELEMENTS
- fixed length control field: 260421|| aca||aabn | a|a d
040 ## - CATALOGING SOURCE
- Original cataloging agency: AE-AdECS
- Transcribing agency: AE-AdECS
150 ## - HEADING--TOPICAL TERM
- Topical term or geographic name entry element: رؤساء الدول
- General subdivision: في البناء التنموي
670 ## - SOURCE DATA FOUND
- Source citation: Work cat.: (AE-AdECS)294830: السعيد، لمياء مؤلفة. 28871, مدن الشيخ زايد :
